Gaming Quiz

Random Gaming or Lyrics Quiz

Still Alive Quiz Stats

 Plays Quiz Updated Sep 23, 2019

Score 0/43 Timer 06:00
2 Plays Today
Lyric Missing Words % Correct
This wasa triumph
93.7%
ApertureScience
93.1%
I'm making a note here:HUGE SUCCESS
90.7%
We do what we mustbecause we can
89.2%
For the people who arestill alive
84.5%
I'm not evenangry
80.8%
But there's no sense cryingover every mistake
80.3%
It's hard tooverstate my satisfaction
77.8%
For the good of all of usexcept the ones who are dead
77.8%
For the people who arestill alive
76.6%
And the sciencegets done
75.4%
Andkilled me
75.3%
I'm beingso sincere right now
74.9%
THAT WASA JOKE
74.9%
And you makea neat gun
74.1%
Even though youbroke my heart
73.6%
You just keepon trying till you run out of cake
72.8%
HAHA.FAT CHANCE
71.8%
MaybeBlack Mesa
69.4%
Andtore me to pieces
69.1%
And when you're dead I'll bestill alive
69%
[once more]still alive
68.8%
Lyric Missing Words % Correct
I'm doing science and I'mstill alive
68.7%
I feel FANTASTIC and I'mstill alive
68.6%
While you're dying I'll bestill alive
68.5%
And believe me I amstill alive
68.4%
[and again]still alive
68.3%
On the people who arestill alive
67.9%
Go aheadand leave me
67.8%
It's so deliciousand moist
67.8%
Andthrew every piece into a fire
66.9%
Now these points of datamake a beautiful line
65.9%
And we're out of betawe're releasing on time
64.8%
As they burned it hurt becauseI was so happy for you
64.7%
I think I preferto stay inside
63%
Anyway,this cake is great
61.2%
Maybe you'll findsomeone else to help you
57%
Think ofall the things we learned
55.3%
So I'mGLaD I got burned
54.5%
When I look out there,it makes me GLaD I'm not you
52.4%
Look at mestill talking when there's science to do
51.3%
There isresearch to be done
45.1%
I'veexperiments to run
44.1%

You're not logged in!

Compare scores with friends on all Sporcle quizzes.
OR
Log In

Sporcle TV

Today on Sporcle TV


Watch our educational content, quiz creation guides, and fun videos on Sporcle TV.

Show Comments

Extras

Top Quizzes Today


Score Distribution

Your Account Isn't Verified!

In order to create a playlist on Sporcle, you need to verify the email address you used during registration. Go to your Sporcle Settings to finish the process.

Report this User

Report this user for behavior that violates our Community Guidelines.

Details: